000 01261nam a2200325 a 4500
001 000111354
003 CHAP
005 20220329144207.0
008 150330s2014 mx sm |||||||spa d
010 _a107816
011 _a108788
040 _cCHAP
090 _aTesis
100 1 _aPerea Angeles, Luis Miguel
_9129210
245 1 0 _aEfecto de la densidad de siembra en el rendimiento de materia seca de triticale (X Triticosecale Wittmack) en la Comarca Lagunera, México
_h[En línea]
_cpor Luis Miguel Perea Angeles.
260 _aBermejillo, Dgo. :
_bEl autor,
_c2014.
500 _aPara ver el contenido del material haga clic en la liga
502 _aTesis (Ing. Agr. Esp. en Sistemas Agricolas) -- UACH. Unidad Regional Universitaria de Zonas Áridas
590 _aE5765TAJ
_b05
_c20150330
_lUCH01
_h1109
590 _aE5765TAJ
_b05
_c20150330
_lUCH01
_h1111
590 _aE5995AHE
_b05
_c20151019
_lUCH01
_h1157
650 1 4 _aDensidad de siembra.
_931812
650 1 4 _aTriticale como forraje.
_9115235
650 1 4 _aTriticale
_xMateria seca
_xDeterminación.
_9115218
650 1 4 _aTriticale
_xRendimiento.
_9115225
856 _aFinding aid
_uhttp://10.13.5.2/tesis/sist111354.pdf
_zTeclea aquí
901 _aBK
942 _cTESIS
942 _n0
999 _c107816
_d107816